00970 a2200217 4500003000500000005001700005010001600022020001500038040000900053082001700062100002200079245010200101250001200203260005200215300003400267440005400301505032500355650003000680700001800710700002400728Nust20241204170608.0 a 81006371 a0030575931 cNust00a629.8312,SAV1 aHostetter, G. H.,10aDesign of feedback control systems /cGene H. Hostetter, Clement J. Savant, Jr., Raymond Stefani. a3rd ed. a[New York] :bHolt, Rinehart & Winston,c[1995] axvi, 541 p. :bill. ;c24 cm. 0aHRW series in electrical and computer engineering aContinuous-Time System Description (Page-1), Continuous Time System Response (Page-85), Tracking System Performance (Page-144), Root Locus Analysis (Page-200), Root Locus Design (Page-267), Frequency Response Methods (Page-318), State Variable Methods for Continuous Time Systems (Page-435), Digital Control (Page-557).  0aFeedback control systems.1 aSavant, C. J.1 aStefani, Raymond T.